| 000 | 00755nam a2200241 i 4500 | ||
|---|---|---|---|
| 001 | 69531 | ||
| 003 | ES-MaACL | ||
| 005 | 20240505063022.0 | ||
| 007 | t| | ||
| 008 | 040707s1981 sp ||||1| spa d | ||
| 020 | _a84-249-3315-X | ||
| 100 | 1 |
_aGarcía de Diego, Vicente, _d1878-1978 _954421 |
|
| 245 | 1 | 0 |
_aGramática histórica española / _cVicente García de Diego. |
| 250 | _a3ª ed. corr., 1ª reimp. | ||
| 260 |
_aMadrid : _bGredos, _c1981. |
||
| 300 |
_a622 p. ; _c20 cm. |
||
| 490 | 1 |
_aManuales universitarios ; _v3 |
|
| 500 | _aIndice. | ||
| 650 | 4 |
_aLengua española- _xGramática histórica. _914164 |
|
| 830 | 0 |
_aManuales universitarios ; _v3 _9182537 |
|
| 852 |
_aES-MaACL _jL-9716 _bR.111520 |
||
| 999 |
_c69531 _d69531 |
||